000 00514nab a2200145Ia 4500
003 ES-SlBCS
005 20210601125238.0
008 140529s1977 xxu||||| |||| 00| 0 eng d
041 _aeng
100 1 _aOverend, Tronn
_9155821
245 0 4 _aThe Socialization of Philosophy: Two Monistic Fallacies in Habermas' Critique of Knowledge
_c Tronn Overend
650 0 4 _aSocialización de la Filosofía
_9155907
773 0 _tPhilosophy and Phenomenological Research
_gvol. 38, 1977, págs. 119-124
_wRev1411
942 _cAR
999 _c527147
_d527147